01493nam a2200229 a 4500041000800000100002300008110004800031245016300079260004900242300001000291520063900301650001800940650001900958650002400977650002101001650004101022662003001063700002301093700001901116700002201135773010601157 aspa aAlmenteras, Dolors bCorporación Autónoma Regional del Valle aAnálisis de la representatividad e identificación de vacíos de conservación y alternativas para el SINAP del departamento del Valle del Caucabfase II aCalibInstituto Alexander von Humboldtc2002 a53 p. aSe establece un sistema de evaluación del estado de conservación, amenaza y de prioridades de conservación de los ecosistemas naturales que aporta información para la toma de decisiones en gestión ambiental. Se elaboraron mapas de ecosistemas naturales del Valle del Cauca, se modeló retrospectivamente la distribución original de los ecosistemas naturales del Valle del Cauca previa a la influencia humana. Se modeló la distribuciòn de especies seleccionadas de aves y plantas identificando los centros de riqueza y endemismos. Se analizó la presión de la población sobre los ecosistemas naturales remanentes. aBiodiversidad aConservación aEspecies amenazadas aActividad humana aSistema Nacional de Areas Protegidas aColombiabValle del Cauca aRodríguez, Nelly aRomero, Milton aMorales, Mónica0 05986abdBogotá Informatica documental 2007o024802tInformes de investigaciones IAVH en PDFwxz